| 000 | 00623nam a2200205 a 4500 | ||
|---|---|---|---|
| 005 | 20240808063830.0 | ||
| 008 | 991125s1990 mx 000 0 spa u | ||
| 020 | _a968243789X | ||
| 035 | _aUPN01000028838 | ||
| 049 | _aSEP | ||
| 050 | 4 |
_aSB99 M6 _bH67a 1990 |
|
| 245 | 0 | 0 |
_aHorticultura / _cColab. de José R. Mondoñedo... [et al.] |
| 260 |
_aMéxico : _bSEP$bTrillas, _c1990 |
||
| 300 |
_a110 p. : _bil. |
||
| 440 | 0 | _aManuales para educación agropecuaria. Area producción vegetal$v15 | |
| 650 | 4 |
_aHorticultura _919084 |
|
| 700 | 1 |
_aMondoñedo, José R., _ecolab. _929356 |
|
| 904 |
_aAC _b028839 |
||
| 905 | _aLibro | ||
| 999 |
_c28838 _d28838 |
||